Szczegóły MARC21

Sandomierskie /

003 -Nazwa inst., której nr kontr. jest w polu 001 [,]
    • @
    • Nazwa instytucji, której n kontrolny jest w polu 001
    • NUKAT
005 -DATA I CZAS OSTATNIEJ MODYFIKACJI [,]
    • @
    • pole kontrolne
    • 20241231090636.0
040 -Instytucja sporządzająca opis [ , ]
    • a
    • Instytucja, która sporządziła opis (NP)
    • GD U/TZ
    • c
    • Instytucja, która sporządziła rekord (NP)
    • GD U/TZ
    • d
    • Instytucja, która zmodyfikowała rekord (P)
    • GD U/TZ
    • d
    • Instytucja, która zmodyfikowała rekord (P)
    • GD U/EPs
    • d
    • Instytucja, która zmodyfikowała rekord (P)
    • WR O/ZW
942 -Rodzaj dokumentu [ , ]
    • c
    • Rodzaj dokumentu
    • Książka
100 -Hasło główne - nazwa osobowa [1, ]
    • a
    • Nazwa osobowa (NP)
    • Kolberg, Oskar
    • d
    • Daty biograficzne (NP)
    • (1814-1890).
    • 9
    • KHW
    • 15159
245 -Strefa tytułu i oznaczenia odpowiedzialności [1,0]
    • a
    • Tytuł
    • Sandomierskie / Find
    • c
    • Pozostałe elementy strefy tytułu i oznaczenia odpowiedzialności (NP)
    • Oskar Kolberg ; Polskie Towarzystwo Ludoznawcze.
260 -Strefa adresu wydawniczego [ , ]
    • a
    • Miejsce wydania (P)
    • Kraków :
    • b
    • Nazwa wydawcy (P)
    • Polskie Wydawnictwo Muzyczne ;
    • a
    • Miejsce wydania (P)
    • [Warszawa] :
    • b
    • Nazwa wydawcy (P)
    • Ludowa Spółdzielnia Wydawnicza,
    • c
    • Data wydania (P)
    • 1962.
300 -Strefa opisu fizycznego [ , ]
    • a
    • Określenie formy książki i/lub objętość (NP)
    • 283, [5] s., [2] k. tabl. :
    • b
    • Oznaczenie ilustracji (NP)
    • il. ;
    • c
    • Format (NP)
    • 21 cm.
336 -Typ zawartości [ , ]
    • a
    • Termin opisujący typ zawartości
    • Tekst
    • b
    • Kod określający zawartość
    • txt
    • 2
    • Źródło (terminu i kodu)
    • rdacontent
337 -Typ mediów [ , ]
    • a
    • Tryb odtwarzania
    • Bez urządzenia pośredniczącego
    • b
    • Kod typu mediów
    • n
    • 2
    • Źródło (terminu i kodu)
    • rdamedia
338 -Typ/rodzaj nośnika [ , ]
    • a
    • Hasło opisujące typ nośnika
    • Wolumin
    • b
    • Kod typu nośnika
    • nc
    • 2
    • Źródło (terminu i kodu)
    • rdacarrier
490 -Strefa serii i książki wielotomowej - forma nie do wyszukiwania [1, ]
    • a
    • Tytuł (P)
    • Dzieła wszystkie / Oskar Kolberg ; Find
    • v
    • Numeracja (P)
    • t. 2
534 -Uwaga dot. podstawy reprodukcji [ , ]
    • p
    • Określenie wprowadzające
    • Reedycja fotoofsetowa, oryg.:
    • c
    • Adres wydawniczy oryginału
    • Warszawa : Druk. Jana Jaworskiego, 1865.
536 -Uwaga dot. finansowania książki [ , ]
    • a
    • Tekst uwagi
    • Wydano pod opieką naukową Polskiej Akademii Nauk z funduszu Komitetu Obchodu 1000-lecia Państwa Polskiego
080 -Uniwersalna Klasyfikacja Dziesiętna [ , ]
    • a
    • Symbol klasyfikacji
    • 39
    • 2
    • Identyfikator wydania tablic
    • UDC-P058
    • 9
    • UKD
    • 3967
    • b
    • Dopowiedzenie
    • Etnologia. Etnografia. Zwyczaje i obyczaje. Folklor.
    • 4
    • UKD2
    • 7642
    • x
    • Poddział wspólny
    • (438)
    • c
    • Dopowiedzenie poddz. wspólnego
    • (Polska).
    • 4
    • UKD2
    • 8071
    • x
    • Poddział wspólny
    • (093)
    • c
    • Dopowiedzenie poddz. wspólnego
    • (Źródła historyczne).
080 -Uniwersalna Klasyfikacja Dziesiętna [ , ]
    • a
    • Symbol klasyfikacji
    • 821.162.1-192
    • 2
    • Identyfikator wydania tablic
    • UDC-P058
    • 9
    • UKD
    • 27688
    • b
    • Dopowiedzenie
    • Literatura Polska. - Wiersze od muzyki. Piosenki.
    • 4
    • UKD2
    • 8071
    • x
    • Poddział wspólny
    • (093)
    • c
    • Dopowiedzenie poddz. wspólnego
    • (Źródła historyczne).
080 -Uniwersalna Klasyfikacja Dziesiętna [ , ]
    • a
    • Symbol klasyfikacji
    • 784.031.4
    • 2
    • Identyfikator wydania tablic
    • UDC-P058
    • 9
    • UKD
    • 6192
    • b
    • Dopowiedzenie
    • Pieśni ludowe.
    • 4
    • UKD2
    • 8071
    • x
    • Poddział wspólny
    • (093)
    • c
    • Dopowiedzenie poddz. wspólnego
    • (Źródła historyczne).
650 -Hasło przedmiotowe [ ,7]
    • a
    • Hasło przedmiotowe
    • Folklor
    • z
    • Określnik geograficzny
    • Polska
    • z
    • Określnik geograficzny
    • Sandomierz (region).
    • 2
    • Źródło terminu
    • kaba
    • 9
    • KHW
    • 379147
980 -Symbol UKD [ , ]
    • a
    • UKD
    • 39(438):821.162.1-192:784.031.4](093)
710 -Hasło dodatkowe - nazwa ciała zbiorowego [2, ]
    • a
    • Nazwa ciała zbiorowego lub nazwa geograficzna jako pierwszy element (NP)
    • Ludowa Spółdzielnia Wydawnicza.
    • 4
    • Kod relacji
    • pbl
    • 9
    • KHW
    • 54935
710 -Hasło dodatkowe - nazwa ciała zbiorowego [2, ]
    • a
    • Nazwa ciała zbiorowego lub nazwa geograficzna jako pierwszy element (NP)
    • Polskie Wydawnictwo Muzyczne.
    • 4
    • Kod relacji
    • pbl
    • 9
    • KHW
    • 56938
800 -Hasło dodatkowe opisu książki wielotomowej - nazwa osobowa [1, ]
    • a
    • Nazwa osobowa (NP)
    • Kolberg, Oskar
    • d
    • Daty biograficzne (NP)
    • (1814-1890).
    • t
    • Tytuł ujednolicony/tytuł (NP)
    • Dzieła wszystkie
    • v
    • Oznaczenie tomu (NP)
    • t. 2
    • 9
    • KHW
    • 15160
Obwoluta Data inwentaryzacji Lokalizacja Numer inwentarzowy Sygnatura Status udost.
 1999-01-12BGZ.28881egz.arch.1
 2002-11-15BGJK.119 1
  BGSN.25084 -3
12010-02-08BMP.21940 1